[Event "Bezmerov Bastinec Memorial-A"]
[Site "Bezmerov"]
[Date "2019.01.25"]
[Round "2"]
[White "Bouchal, Jan"]
[Black "Miciak, Emanuel"]
[Result "0-1"]
[WhiteElo "1000"]
[BlackElo "1877"]
[PlyCount "74"]
[EventDate "2019.01.25"]
[EventType "swiss"]
[EventRounds "5"]
[EventCountry "CZE"]
[SourceTitle "CBM 188 Extra"]
[Source "ChessBase"]
[SourceDate "2019.02.28"]
[SourceVersion "1"]
[SourceVersionDate "2019.02.28"]
[SourceQuality "1"]

1. e4 c5 2. Nf3 d6 3. d4 cxd4 4. Nxd4 Nf6 5. Nc3 a6 6. Be2 e6 7. 0-0 Be7 8. a4 0-0 9. Be3 Bd7 10. a5 Nc6 11. Nxc6 Bxc6 12. Bb6 Qd7 13. Qd4 Bd8 14. Rfd1 Bxb6 15. axb6 Rfd8 16. Ra5 Qe7 17. Qb4 Kf8 18. Bf3 Rac8 19. Na4 Bb5 20. e5 Ne8 21. Nc3 Bc6 22. Qg4 Bxf3 23. Qxf3 d5 24. Rd4 Rc6 25. Qd3 g6 26. Na4 Rdc8 27. c3 Rc4 28. h4 Rxd4 29. Qxd4 Rc4 30. Qd1 Rxh4 31. b3 Rh5 32. Qd4 Qg5 33. f4 Qg3 34. Qf2 Rh1+ 35. Kxh1 Qxf2 36. Rc5 Qf1+ 37. Kh2 Qxf4+ 0-1